| 000 | 01324nam a22002777a 4500 | ||
|---|---|---|---|
| 003 | OSt | ||
| 005 | 20230526103958.0 | ||
| 007 | cr ||||||a|c|a | ||
| 008 | 230215s mx do||fom||| 001 0 spa d | ||
| 040 | _erda | ||
| 100 | 1 |
_9186013 _aAcevedo Cuna, Liliana |
|
| 245 | 1 | 3 |
_aLa incorporación de las mujeres de la Concepción, municipio de Acámbaro, Gto. al trabajo asalariado y sus impactos sobre el ingreso familiar y los roles de género al interior de sus hogares, 2000-2020 / _cpor Liliana Acevedo Cuna; director de tesis María de Lourdes Barrón León |
| 264 | 1 |
_aChapingo, México : _bEl autor, _c2021 |
|
| 300 | _a1 recurso en línea (139 páginas). | ||
| 336 |
_2rdacontent _atexto _btxt |
||
| 337 |
_2rdamedia _acomputadora _bc |
||
| 338 |
_2rdacarrier _arecurso en línea _bcr |
||
| 502 |
_bMCDRR _cCentros Regionales _d2021 _gMAE |
||
| 504 | _aIncluye referencias bibliográficas: páginas-106-118 | ||
| 650 | 2 |
_9131913 _aMujeres en la agricultura |
|
| 650 | 2 |
_9129167 _aMujeres _xCondiciones económicas |
|
| 650 | 2 |
_9186191 _aMujeres trabajadoras _xCondiciones sociales _zGuanajuato |
|
| 700 | 1 |
_eDirector de tesis _9186190 _aBarrón León, María de Lourdes |
|
| 856 |
_uhttp://10.13.5.2/tesis/tm/2021_CR_Acevedo_Cuna_Liliana.pdf _zDESCARGAR PDF |
||
| 942 |
_2Clasificación Universidad Autónoma Chapingo _cTD |
||
| 999 |
_c218347 _d218347 |
||